00452nam a22001577a 450000500170000001000150001702000260003203500140005803700130007208200130008510000170009824500680011526000400018327000510022330000200027420170517124341.0 aENG-118207 a9789382711476c495.00 aEN-101739 bDBAD/PUB a364.1524 aAhmad, Faraz aAssassination of rajiv gandhi an inside job ? /cby Faraz Ahmad aNew DelhibVitasta Publishingc2016 a2/15, Ansari Road, Daryaganj, New Delhi-110002 a312pc21cm.(Hb)